| Tag |
First Indicator |
Second Indicator |
Subfields |
| LEADER |
00000cam a2200000 4500 |
| 001 |
in00000038445 |
| 005 |
20151007081041.0 |
| 008 |
750804s1918 eng u |
| 010 |
|
|
|a 18020671
|
| 020 |
|
|
|z E168 (.R69)
|
| 035 |
|
|
|a (OCoLC)01508869
|
| 035 |
|
|
|9 AAF5800AM
|
| 040 |
|
|
|c JPL
|d OCL
|d TXA
|d UtOrBLW
|
| 049 |
|
|
|a TXAM
|c [12466]
|
| 090 |
|
|
|a E168
|b .R69 1918
|
| 092 |
|
|
|a 172
|b R69
|
| 100 |
1 |
|
|a Rodrigues, Gustave.
|
| 245 |
1 |
4 |
|a The people of action :
|b an essay on American idealism /
|c by Gustave Rodrigues: tr. by Louise Seymour Houghton; with an introduction by J. Mark Baldwin...and a preface to the American editon, by the author.
|
| 264 |
|
1 |
|a New York :
|b C. Scribner's sons,
|c 1918.
|
| 300 |
|
|
|a lii, 251 pages ;
|c 19 1/2 cm.
|
| 336 |
|
|
|a text
|b txt
|2 rdacontent
|
| 337 |
|
|
|a unmediated
|b n
|2 rdamedia
|
| 338 |
|
|
|a volume
|b nc
|2 rdacarrier
|
| 650 |
|
0 |
|a National characteristics, American.
|
| 650 |
|
0 |
|a World War, 1914-1918
|z United States.
|
| 651 |
|
0 |
|a United States
|x Civilization.
|
| 700 |
1 |
|
|a Houghton, Louise Seymour,
|d 1838-1920.
|
| 700 |
1 |
|
|a Baldwin, James Mark,
|d 1861-1934.
|
| 740 |
0 |
|
|a American idealism.
|
| 999 |
|
|
|a MARS
|
| 999 |
f |
f |
|s ab40c95d-6d03-326b-82b0-d0d719951505
|i 979d2780-5ae7-3565-954e-f6b040ec02c9
|t 0
|
| 952 |
f |
f |
|p ric
|a Texas A&M University
|b Rellis Campus
|c Joint Library Facility
|d Remote Storage
|t 0
|e E168 .R69 1918
|h Library of Congress classification
|i unmediated -- volume
|m A14800534022
|
| 998 |
f |
f |
|a E168 .R69 1918
|t 0
|l Remote Storage
|